000 00713nam a2200241 a 4500
008
020 _a0521484227 (pbk.)
049 _aMAIN
090 _aDT20.145
_bILI
100 1 _aIliffe, John.
245 1 0 _aAfricans :
_bthe history of a continent /
_cJohn Iliffe.
260 _aCambridge :
_bCambridge University Press ,
_cc1995.
300 _axi,323p. :
_bill. ;
_c22cm.
440 _aAfrican studies series.
504 _aIncludes bibliographical references.
500 _aIncludes index.
650 1 _aAfrica-History.
907 _a.b10185094
_b10-09-15
_c11-01-06
003
005 20230123134137.0
040 _cNUST
942 _cBOOKS
_kDT20.145
_mILI
999 _c160801
_d160801